| 000 | 00562nam a22001577a 4500 | ||
|---|---|---|---|
| 020 | _a9780753441503 | ||
| 040 | _cNUST | ||
| 082 | _a031 CAL | ||
| 100 |
_aCallery, Sean _982274 |
||
| 110 |
_aGifford, Clive Goldsmith, Mike _982275 |
||
| 245 | _aThe Kingfisher Encyclopedia of Everything | ||
| 250 | _aRevised Edition | ||
| 260 |
_aNew York: _bKingfisher Macmillan, _c2008. |
||
| 650 |
_a Children's encyclopedias and dictionaries -- Juvenile literature. Encyclopedias and dictionaries. Children's encyclopedias and dictionaries. _988888 |
||
| 942 |
_2ddc _cBK |
||
| 999 |
_c586443 _d586443 |
||